000 00702cab a2200205 4500
001 WB3506-36
008 090401t1999 xxu||||| |||| 00| 0 eng d
035 _a(Sirsi) u91267
041 _aeng
245 _aFirst Solicitors Property Centres
260 _c1999
350 _a0
490 _aSolicitors` Journal
_v143 (4) 29 January 1999, 75(1)
520 _aSolicitors Property Centres promise that the first solicitor-owned property shop will open in April, in Swansea. A centre in Preston will follow in May.
650 _aPROPERTY RETAIL
650 _aSOLICITORS PROPERTY CENTRES
690 _aPROPERTY-RESIDENTIAL PROPERTY-RESIDENTIAL PROPERTY MARKET
942 _n0
948 _c11/02/1999
999 _c57918
_d57918